000 00744nam a2200253Ia 4500
003 OSt
005 20221005031928.0
006 a|||||r|||| 00| 0
007 ta
008 221004b |||||||| |||| 00| 0 eng d
020 _a8171202667 (pbk)
_c30
024 _a25833
037 _b326, 15/03/2016, Classic Book Service
_cTextual
040 _aCRL
_cCRL
_beng
041 _2eng
_aeng
082 _aDelta:36, M1;Q4
100 _aParamananda
245 0 _aConcentration of meditation
260 _aChennai
_bSri Ramakrishna Math India
_c2014
300 _a123p.
_ccm.
650 _aSPIRITUALISM
942 _hDelta:36, M1;Q4
_cTEXL
_2cc
999 _c938735
_d938735